NPS - ukazovateľ ovplyvňujúci rast podniku

Salvato in:
Dettagli Bibliografici
Autore principale: Grančičová, Katarína, 1967-
Natura: Capitolo di libro
Lingua:inglese
slovacco
Soggetti:
Tags: Aggiungi Tag
Nessun Tag, puoi essere il primo ad aggiungerne!!

MARC

LEADER 00000nla a2200000 4500
001 0235715
005 20240522134537.0
041 0 |a eng 
041 0 |a slo 
044 |a SK 
245 1 0 |a NPS - ukazovateľ ovplyvňujúci rast podniku  |c Katarína Grančičová 
500 |a Abstrakt 
610 2 0 |a meranie 
610 2 0 |a spokojnosť zákazníkov 
610 2 0 |a lojálnosť zákazníkov 
610 2 0 |a metodológia 
610 2 0 |a riadenie 
610 2 0 |a marketing 
610 2 0 |a podnik 
100 1 |a Grančičová, Katarína, 1967-